Normal view MARC view
  • Proverbios

Entry Materia

Number of records used in: 11

001 - NÚMERO DE CONTROL DEL REGISTRO

  • campo de control: 13840

003 - IDENTIFICADOR DE NUMERO DE CONTROL

  • campo de control: UPN

005 - FECHA Y HORA DE LA ÚLTIMA TRANSACCIÓN

  • campo de control: 20220902181336.0

008 - DATOS DE LONGITUD FIJA

  • campo de control de longitud fija: 220902nn acannaabn n ana d

035 ## - NÚMERO DE CONTROL DEL SISTEMA

  • Número de control del sistema: UPN10000013848

040 ## - FUENTE DE LA CATALOGACIÓN

  • Lengua de catalogación: SPA
  • Agencia de transcripción: UPN
  • Centro catalogador de origen: UPN

046 ## - FECHAS CON CODIFICACIÓN ESPECIAL

  • Fecha final para contenidos agregados: 2022

150 ## - ENCABEZAMIENTO - TEMÁTICO

  • Término de materia o nombre geográfico como elemento inicial: Proverbios

360 ## - REFERENCIA COMPLEJA DE VÉASE ADEMÁS - MATERIA

  • Texto explicativo: Véase también la subdivisión de
  • Encabezamiento al que se remite: CITAS, MAXIMAS, ETC.
  • Texto explicativo: bajo algunos encabezamientos. Ej.:
  • Encabezamiento al que se remite: MUSICA - CITAS, MAXIMAS, ETC.

450 ## - VÉASE - MATERIA

  • Encabezamiento temático: Refranes

450 ## - VÉASE - MATERIA

  • Encabezamiento temático: Dichos

550 ## - VÉASE ADEMÁS - MATERIA

  • Encabezamiento temático o nombre geográfico como elemento de entrada: AFORISMOS Y APOTEGMAS

550 ## - VÉASE ADEMÁS - MATERIA

  • Encabezamiento temático o nombre geográfico como elemento de entrada: MAXIMAS

670 ## - FUENTE EN LA QUE SE LOCALIZARON DATOS

  • Cita de la fuente: E

902 ## - CATALOGADOR

  • Catalogador: CAA/110697